Rozsypanka literowa - Miasta Polski - Statystyki

Ogólne statystyki
  • Ten quiz został rozwiązany 30 razy
  • Średni wynik to 7 z 15
Statystyki odpowiedzi
Miasto % Poprawnych
Sopot
85%
Elbląg
81%
Włocławek
70%
Zabrze
70%
Leszno
67%
Nowy Sącz
48%
Stargard
48%
Kluczbork
44%
Jelenia Góra
41%
Świebodzin
41%
Białowieża
37%
Biała Podlaska
30%
Grodzisk Mazowiecki
11%
Rawa Mazowiecka
11%
Starachowice
11%
Nie znaleziono quizów pasujących do podanych kryteriów
Rozkład punktacji
Procent ludzi z każdym wynikiem
Percentyl według liczby udzielonych odpowiedzi
Twoja historia wyników
Nie rozwiązałeś tego quizu